000 00610nam a2200217Ia 4500
005 20241129104148.0
008 241129s9999||||xx |||||||||||||| ||und||
020 _a9781682851258
037 _aTextual
040 _aRTL
_beng
_cRTL
041 _aeng
_2eng
084 _aX:511-8 Q6
_qRTL
100 _aPepper Edward
_9328859
245 0 _aCustomer relationship management: Concepts and strategies
_cPepper Edward
260 _aNew York
_bWillford Press
_c2016
300 _a214p.
365 _aINR
_b12405
650 _aCommerce
942 _cTB
_hX:511-8 Q6
999 _c1224688
_d1224688